Principles of Food Processing
Đã lưu trong:
| Tác giả chính: | |
|---|---|
| Định dạng: | Sách |
| Ngôn ngữ: | Undetermined |
| Được phát hành: |
USA
A Chapmam & Hall Food Science Book
1998
|
| Những chủ đề: | |
| Các nhãn: |
Thêm thẻ
Không có thẻ, Là người đầu tiên thẻ bản ghi này!
|
| Thư viện lưu trữ: | Trung tâm Học liệu Trường Đại học Cần Thơ |
|---|
| LEADER | 00518nam a2200181Ia 4500 | ||
|---|---|---|---|
| 001 | CTU_38844 | ||
| 008 | 210402s9999 xx 000 0 und d | ||
| 082 | |a 664 | ||
| 082 | |b H474 | ||
| 100 | |a Dennis R Heldman | ||
| 245 | 0 | |a Principles of Food Processing | |
| 245 | 0 | |c Dennis R Heldman, Richard W Hartel | |
| 260 | |a USA | ||
| 260 | |b A Chapmam & Hall Food Science Book | ||
| 260 | |c 1998 | ||
| 650 | |a food industry and trade | ||
| 904 | |i Sáng, 991105 | ||
| 980 | |a Trung tâm Học liệu Trường Đại học Cần Thơ | ||